Normal view
MARC view
Entry Topical Term
001 - CONTROL NUMBER
- control field: 15356
003 - CONTROL NUMBER IDENTIFIER
- control field: OSt
005 - DATE AND TIME OF LATEST TRANSACTION
- control field: 20211105133919.0
008 - FIXED-LENGTH DATA ELEMENTS
- fixed length control field: 211105|| aca||aabn | a|a d
040 ## - CATALOGING SOURCE
- Original cataloging agency: OSt
- Transcribing agency: OSt
150 ## - HEADING--TOPICAL TERM
- Topical term or geographic name entry element: Proto-Planetary nebulae
670 ## - SOURCE DATA FOUND
- Source citation: Work cat.: (OSt): Workshop on Planetary and Proto-Planetary Nebulae, from IRAS to ISO Vulcano Island, Italy 1986 Sep. 8-12 15355, Planetary and proto-planetary nebulae, 1987